[Event "GEO 68 Ch"]
[Site "?"]
[Date "2009.01.29"]
[Round "12.5"]
[White "Charkhalashvili, Inga"]
[Black "Azaladze, Shota"]
[Result "0-1"]
[WhiteElo "2337"]
[BlackElo "2402"]
[PlyCount "127"]
[EventDate "2009.??.??"]

1. d4 g6 2. Nf3 Bg7 3. c3 d6 4. Bf4 Nd7 5. e3 e5 6. Bg3 Ne7 7. h3 O-O 8. Be2
Nf5 9. Bh2 Qe7 10. O-O e4 11. Ne1 Nh4 12. Nd2 g5 13. Nc2 f5 14. f3 Nf6 15. fxe4
fxe4 16. Rf2 Bf5 17. Nf1 Bg6 18. Ng3 Kh8 19. Qd2 Qe6 20. c4 c5 21. Raf1 b6 22.
Qd1 Rad8 23. d5 Qe7 24. b3 a6 25. Kh1 Nd7 26. Bh5 Rxf2 27. Rxf2 Nf6 28. Be2 Qe8
29. Bg4 Nxg4 30. hxg4 Be5 31. Nf5 Bxf5 32. gxf5 Bxh2 33. Kxh2 Qe5+ 34. Kg1 Rf8
35. Qh5 Qf6 36. Ne1 Qc3 37. Nc2 Qe5 38. f6 Rxf6 39. Rxf6 Qxf6 40. Qe8+ Kg7 41.
Qxe4 Ng6 42. Ne1 Qe5 43. Qd3 Qg3 44. Kf1 Ne5 45. Qe4 Qg4 46. Qxg4 Nxg4 47. Ke2
Kf6 48. Nd3 h5 49. e4 Ne5 50. Nf2 g4 51. Nd1 Kg5 52. Ne3 Kf4 53. Nf5 Nf7 54.
g3+ Kxe4 55. Ng7 Kd4 56. Nxh5 Kc3 57. Nf6 Kb2 58. Kd2 Kxa2 59. Kc2 b5 60. cxb5
axb5 61. Nxg4 b4 62. Ne3 Ne5 63. Nd1 Nf3 64. g4 0-1

[Event "GEO 68 Ch"]
[Site "?"]
[Date "2009.01.29"]
[Round "12.6"]
[White "Bregadze, Levan"]
[Black "Benidze, Davit"]
[Result "1-0"]
[WhiteElo "2394"]
[BlackElo "2423"]
[PlyCount "80"]
[EventDate "2009.??.??"]

1. d4 Nf6 2. c4 e6 3. Nf3 b6 4. g3 Ba6 5. Qc2 Bb7 6. Bg2 c5 7. d5 exd5 8. cxd5
Nxd5 9. O-O Be7 10. Rd1 O-O 11. Qe4 Bf6 12. Rxd5 Re8 13. Qd3 Bxd5 14. Qxd5 Nc6
15. Nc3 Nb4 16. Qf5 g6 17. Qb1 d5 18. a3 Nc6 19. Bf4 Bxc3 20. bxc3 Rxe2 21. Qd3
Re8 22. c4 Qf6 23. Rc1 dxc4 24. Qxc4 Na5 25. Qc2 Nc6 26. h4 Rac8 27. Kh2 Qe6
28. Qa4 Qa2 29. Rc2 Qb1 30. Rc1 Qa2 31. Ng5 Nd4 32. Qxa7 Ne2 33. Rc2 Qb3 34.
Rb2 Qc4 35. Be3 h6 36. Qxf7+ Qxf7 37. Nxf7 Kxf7 38. Rxe2 c4 39. Bb7 Rcd8 40.
Rc2 b5 1-0

[Event "GEO 68 Ch"]
[Site "?"]
[Date "2009.01.29"]
[Round "12.7"]
[White "Nigalidze, Gaioz"]
[Black "Arutinian, David"]
[Result "0-1"]
[WhiteElo "2456"]
[BlackElo "2586"]
[PlyCount "104"]
[EventDate "2009.??.??"]

1. d4 d6 2. Nf3 g6 3. c4 Bg7 4. e4 Bg4 5. Be2 Bxf3 6. Bxf3 Nc6 7. d5 Nd4 8. Bg4
e5 9. dxe6 fxe6 10. O-O c5 11. Nc3 Nf6 12. Bh3 O-O 13. f4 Nd7 14. Be3 Qe7 15.
Qd2 a6 16. Rad1 Rae8 17. g3 Nb8 18. Bg2 Nbc6 19. h4 b5 20. b3 Rb8 21. cxb5 axb5
22. Kh2 Qc7 23. g4 b4 24. Ne2 Nxe2 25. Qxe2 Nd4 26. Qc4 Qe7 27. Kg3 Kh8 28. Rd3
Rf7 29. Rd2 d5 30. Qd3 e5 31. f5 gxf5 32. exf5 e4 33. Qa6 Rg8 34. Rdf2 Be5+ 35.
Kh3 Rf6 36. Qa5 Bc7 37. Qa7 Rb6 38. f6 Qd7 39. Bg5 h5 40. Rf4 Ne6 41. Rf5 hxg4+
42. Kxg4 Nd4 43. Qa4 Qf7 44. Qa7 Nxf5 45. Rxf5 Qd7 46. Qa4 Qc8 47. f7 Rf8 48.
Bh3 Rxf7 49. Kh5 Rxf5 50. Bxf5 Qxf5 51. Qe8+ Kg7 52. Qg8+ Kxg8 0-1

[Event "GEO 68 Ch"]
[Site "?"]
[Date "2009.01.30"]
[Round "13.2"]
[White "Margvelashvili, Giorgi"]
[Black "Mchedlishvili, Mikheil"]
[Result "1/2-1/2"]
[WhiteElo "2484"]
[BlackElo "2619"]
[PlyCount "45"]
[EventDate "2009.??.??"]

1. Nf3 d5 2. c4 c6 3. e3 Nf6 4. Nc3 a6 5. Qc2 e6 6. b3 Bd6 7. Bb2 e5 8. d3 O-O
9. g3 Re8 10. Bg2 d4 11. exd4 exd4+ 12. Ne4 Bb4+ 13. Nfd2 Nxe4 14. dxe4 c5 15.
O-O Nc6 16. a3 Bxd2 17. Qxd2 Be6 18. f4 f6 19. e5 f5 20. Bxc6 bxc6 21. a4 Rb8
22. Rf3 Qb6 23. Ba3 1/2-1/2

[Event "GEO 68 Ch"]
[Site "?"]
[Date "2009.01.30"]
[Round "13.6"]
[White "Azaladze, Shota"]
[Black "Bregadze, Levan"]
[Result "1/2-1/2"]
[WhiteElo "2402"]
[BlackElo "2394"]
[PlyCount "57"]
[EventDate "2009.??.??"]

1. Nf3 Nf6 2. c4 e6 3. g3 d5 4. Bg2 Be7 5. O-O O-O 6. b3 b6 7. Bb2 Bb7 8. cxd5
exd5 9. d4 c5 10. Nc3 Nbd7 11. dxc5 bxc5 12. Nh4 Nb6 13. Nf5 Re8 14. a4 Rb8 15.
a5 Nc8 16. a6 Ba8 17. Nxe7+ Nxe7 18. Na4 Qd6 19. Ba3 Nd7 20. Qc2 Rec8 21. Rfc1
Qxa6 22. Nxc5 Qb5 23. Qd3 Nxc5 24. Qxb5 Rxb5 25. Rxc5 Rxb3 26. Rxc8+ Nxc8 27.
Bc5 Bb7 28. Bf3 a6 29. Rd1 1/2-1/2

[Event "GEO 68 Ch"]
[Site "?"]
[Date "2009.01.30"]
[Round "13.7"]
[White "Benidze, Davit"]
[Black "Nigalidze, Gaioz"]
[Result "1-0"]
[WhiteElo "2423"]
[BlackElo "2456"]
[PlyCount "115"]
[EventDate "2009.??.??"]

1. d4 c5 2. Nf3 Nf6 3. g3 g6 4. Bg2 Bg7 5. O-O cxd4 6. Nxd4 O-O 7. c4 d6 8. Nc3
a6 9. b3 Qc7 10. Bb2 Nc6 11. Nc2 b6 12. Nb4 Bb7 13. Ncd5 Nxd5 14. Nxd5 Qd8 15.
Bxg7 Kxg7 16. Qd2 Rb8 17. Rfd1 Ba8 18. Qe3 Re8 19. Rac1 Ne5 20. b4 Nd7 21. Bh3
Bxd5 22. cxd5 a5 23. Bxd7 Qxd7 24. bxa5 bxa5 25. Qc3+ f6 26. Qxa5 Rb2 27. Re1
h5 28. Rc4 g5 29. Qa3 Rd2 30. Qa5 Rb2 31. h4 gxh4 32. Rxh4 Qf5 33. a3 Reb8 34.
Qc7 Kf7 35. Qc4 Rc2 36. Qd4 Rbb2 37. Re4 Rd2 38. Qe3 Rxd5 39. Rxe7+ Kg6 40. Re8
Re5 41. Rxe5 dxe5 42. Qc3 Rc2 43. Qb3 Qe4 44. Qg8+ Kh6 45. Qh8+ Kg5 46. a4 Qg6
47. Rb1 Rc7 48. Rb8 Rh7 49. Qg8 Rg7 50. Qc4 Qf5 51. a5 Qd7 52. a6 Qd4 53. Qxd4
exd4 54. Rb7 Rg8 55. a7 Ra8 56. Rb5+ f5 57. Ra5 Kf6 58. Kg2 1-0